Normal view
MARC view
- LOGO (Lenguaje de programacion para computadora)
Entry Materia
001 - NÚMERO DE CONTROL DEL REGISTRO
- campo de control: 7116
003 - IDENTIFICADOR DE NUMERO DE CONTROL
- campo de control: DLC
005 - FECHA Y HORA DE LA ÚLTIMA TRANSACCIÓN
- campo de control: 20240919151408.0
008 - DATOS DE LONGITUD FIJA
- campo de control de longitud fija: 240919n||acnnn|abn n ana |d
010 ## - NÚMERO DE CONTROL DE LA BIBLIOTECA DEL CONGRESO (LC)
- LC control number: sh 85078135
035 ## - NÚMERO DE CONTROL DEL SISTEMA
- Número de control del sistema: UPN10000007119
035 ## - NÚMERO DE CONTROL DEL SISTEMA
- Número de control del sistema: (DLC)sh 85078135
035 ## - NÚMERO DE CONTROL DEL SISTEMA
- Número de control del sistema: (DLC)75486
040 ## - FUENTE DE LA CATALOGACIÓN
- Lengua de catalogación: spa
- Agencia de transcripción: DLC
- Centro catalogador de origen: DLC
- Agencia de modificación: DLC
- Agencia de modificación: MX-MxUPN
053 #4 - NÚMERO CLASIFICADOR - BIBLIOTECA DEL CONGRESO (LC)
- Elemento numérico de la clasificación - Número único o no. inicial del rango: QA76.73.L63
150 ## - ENCABEZAMIENTO - TEMÁTICO
- Término de materia o nombre geográfico como elemento inicial: LOGO (Lenguaje de programacion para computadora)
670 ## - FUENTE EN LA QUE SE LOCALIZARON DATOS
- Cita de la fuente: Autoridades LC, 19 septiembre 2024 :
- Información localizada: Logo (Computer program language)
- Identificador Uniforme del Recurso: https://lccn.loc.gov/sh85078135
902 ## - CATALOGADOR
- Catalogador: BDV/150607
- Catalogador: MaríaRobles/190924
